Volcanoes ! : (Record no. 6974)

MARC details
000 -LEADER
fixed length control field 01147nam a22002897a 4500
001 - CONTROL NUMBER
control field 6974
003 - CONTROL NUMBER IDENTIFIER
control field FISKH
005 - DATE AND TIME OF LATEST TRANSACTION
control field 20250612115151.0
008 - FIXED-LENGTH DATA ELEMENTS--GENERAL INFORMATION
fixed length control field 250612b cb ||||| |||| 00| 0 eng d
020 ## - INTERNATIONAL STANDARD BOOK NUMBER
International Standard Book Number 9780679886419
040 ## - CATALOGING SOURCE
Original cataloging agency FISKH
Language of cataloging eng
Transcribing agency FISKH
Modifying agency FISKH
050 ## - LIBRARY OF CONGRESS CALL NUMBER
Classification number QE521 .A76
082 ## - DEWEY DECIMAL CLASSIFICATION NUMBER
Classification number 551.21
100 ## - MAIN ENTRY--PERSONAL NAME
Personal name Arnold, Eric
245 ## - TITLE STATEMENT
Title Volcanoes ! :
Remainder of title Mountains of fire /
Statement of responsibility, etc. By Eric Arnold : illustrated by Doug Knutson
260 ## - PUBLICATION, DISTRIBUTION, ETC.
Place of publication, distribution, etc. New York :
Name of publisher, distributor, etc. Random House ,
Date of publication, distribution, etc. 1997.
300 ## - PHYSICAL DESCRIPTION
Extent 48 pages :
Other physical details color illustrations ;
Dimensions 23 cm .
490 ## - SERIES STATEMENT
Series statement Step into reading
Volume/sequential designation Step 4
505 ## - FORMATTED CONTENTS NOTE
Formatted contents note R <br/>
520 ## - SUMMARY, ETC.
Summary, etc. Juvenile Nonfiction. Language Arts. Science. HTML:A volcano could be called a sleeping mountain--that is, until it wakes up! What is it like to witness the eruption of one of nature's majestic time bombs? Young readers can learn what makes volcanoes "tick," and read about some of the most famous eruptions in history.<br/>
521 8# - TARGET AUDIENCE NOTE
Target audience note 780 <br/>
Source Lexile <br/>
521 8# - TARGET AUDIENCE NOTE
Target audience note R <br/>
Source Raz-Plus <br/>
650 ## - SUBJECT ADDED ENTRY--TOPICAL TERM
Topical term or geographic name entry element Volcanoes
Form subdivision Juvenile literature
700 ## - ADDED ENTRY--PERSONAL NAME
Personal name Knutston, Doug
Relator term Illustrator
942 ## - ADDED ENTRY ELEMENTS (KOHA)
Source of classification or shelving scheme Dewey Decimal Classification
Koha item type Books
Suppress in OPAC No
Holdings
Withdrawn status Lost status Source of classification or shelving scheme Damaged status Not for loan Collection Home library Current library Shelving location Date acquired Total Checkouts Full call number Barcode Date last seen Copy number Price effective from Koha item type Date last checked out
    Dewey Decimal Classification     Non-Fiction Footprints International School Library Network Toul Tom Poung Campus Footprints International School Library Network Toul Tom Poung Campus TTP Primary Orange Bookshelves 06/12/2025   ARN 551.21 QE521 .A76 2025-1600 06/12/2025 1 06/12/2025 Books  
    Dewey Decimal Classification     Non-Fiction Footprints International School Library Network Toul Tom Poung Campus Footprints International School Library Network Toul Tom Poung Campus TTP Primary Orange Bookshelves 11/20/2025 1 ARN 551.21 QE521 .A76 2025-4845 02/26/2026 2 11/20/2025 Books 02/12/2026